000 00712nam a2200217Ii 4500
003 JO-AjNU
008 230605s9999||||xx |||||||||||||| ||und||
017 _a1998/7055
020 _a977-11-1157-0
040 _aJO-AjNU
_bara
_erda
_cJO-AjNU
041 _aara
050 1 4 _aBP130 1998
100 3 _aتاليف يحيى، ياسين محمد,
_eauthor
_96911
245 0 0 _aمن وحي القرآن الكريم : قراءة في آيات الدعاء
264 3 1 _aالفجالة: مكتبة مصر، 1998
300 _a260ص
336 _atext
_btxt
_2rdacontent
337 _aunmediated
_bn
_2rdamedia
338 _avolume
_bnc
_2rdacarrier
650 4 _aالقران الكريم - ايات الدعاء
_96912
999 _aA12
_c3580
_d3580